[Event "Turkey Cup 2019"]
[Site "Belek"]
[Date "2019.02.03"]
[Round "11.82"]
[White "Erol, Harun Eser"]
[Black "Uregen, Rafet"]
[Result "0-1"]
[WhiteElo "1464"]
[BlackElo "1633"]
[Annotator "NA"]
[PlyCount "76"]
[EventDate "2019.01.27"]
[EventType "swiss"]
[EventCountry "TUR"]
[SourceTitle "playchess.com"]
[Source "ChessBase"]
[SourceQuality "1"]

1. b3 Nf6 2. Bb2 g6 3. f4 Bg7 4. Nf3 d6 5. e3 O-O 6. Bd3 Nbd7 7. Nc3 Re8 8. O-O e5 9. fxe5 dxe5 10. Ng5 h6 11. Nxf7 Kxf7 12. Bc4+ Kf8 13. Ba3+ c5 14. Ne4 Qc7 15. Qg4 g5 16. Qh5 Ke7 17. Qf7+ Kd8 18. Nc3 Re7 19. Nd5 Rxf7 20. Nxc7 Kxc7 21. Bxf7 b6 22. e4 Bb7 23. d3 Rf8 24. Be6 Kd6 25. Bxd7 Nxd7 26. b4 Bc6 27. Rxf8 Bxf8 28. Rf1 Ke6 29. c3 Be7 30. Rf3 Bb5 31. Kf2 g4 32. Rf5 Bxd3 33. bxc5 Nxc5 34. Bxc5 Bxc5+ 35. Kg3 Bxe4 36. Rh5 Be3 37. Kxg4 Bg6 38. Rxe5+ Kxe5 0-1

[Event "Turkey Cup 2019"]
[Site "Belek"]
[Date "2019.02.03"]
[Round "11.83"]
[White "Yaziciogullari, Ali Emre"]
[Black "Pulat, Gulce"]
[Result "1/2-1/2"]
[WhiteElo "1675"]
[BlackElo "1554"]
[Annotator "NA"]
[PlyCount "33"]
[EventDate "2019.01.27"]
[EventType "swiss"]
[EventCountry "TUR"]
[SourceTitle "playchess.com"]
[Source "ChessBase"]
[SourceQuality "1"]

1. e4 e5 2. Nf3 Nc6 3. d4 exd4 4. Nxd4 Bc5 5. Nxc6 Qf6 6. Qf3 Qxc6 7. Nc3 Ne7 8. Bb5 Qb6 9. O-O O-O 10. Bc4 Qg6 11. Be3 Bb6 12. Rad1 d6 13. h3 Be6 14. Bxe6 fxe6 15. Qe2 Bxe3 16. Qxe3 Rf7 17. a3 1/2-1/2

[Event "Turkey Cup 2019"]
[Site "Belek"]
[Date "2019.02.03"]
[Round "11.85"]
[White "Yasin, Hur"]
[Black "Ersoy, Emre"]
[Result "1-0"]
[WhiteElo "2004"]
[BlackElo "1591"]
[Annotator "NA"]
[PlyCount "101"]
[EventDate "2019.01.27"]
[EventType "swiss"]
[EventCountry "TUR"]
[SourceTitle "playchess.com"]
[Source "ChessBase"]
[SourceQuality "1"]

1. e4 e6 2. d4 d5 3. e5 c5 4. c3 Nc6 5. Nf3 Qb6 6. a3 c4 7. Nbd2 Na5 8. Be2 Bd7 9. O-O Be7 10. Ne1 Nh6 11. g4 f6 12. exf6 Bxf6 13. g5 Bxg5 14. Nxc4 Nxc4 15. Bxg5 Nf7 16. Bc1 Nfd6 17. Nd3 O-O 18. Nc5 Qc7 19. b3 Na5 20. Bd3 b6 21. Nxd7 Qxd7 22. Qc2 Nf5 23. Bd2 Qf7 24. f4 Qh5 25. Rf2 Rf6 26. Rg2 Nh4 27. Be2 Qf7 28. Rg4 Nf5 29. Kh1 Rg6 30. Rag1 Rxg4 31. Rxg4 Rf8 32. Bd1 Nb7 33. Qd3 Nbd6 34. Bf3 Qe8 35. c4 dxc4 36. bxc4 Qa4 37. Bb4 a5 38. Bxd6 Nxd6 39. c5 bxc5 40. dxc5 Qc4 41. Qxc4 Nxc4 42. a4 Rb8 43. f5 Rb1+ 44. Rg1 Rxg1+ 45. Kxg1 Kf7 46. c6 Nd6 47. c7 Ke8 48. fxe6 Ke7 49. Bd5 Ke8 50. Bb7 Ke7 51. Bd5 1-0

[Event "Turkey Cup 2019"]
[Site "Belek"]
[Date "2019.02.03"]
[Round "11.86"]
[White "Onur, Cem"]
[Black "Yildiz, Eyup Ensar"]
[Result "1-0"]
[WhiteElo "1885"]
[BlackElo "1612"]
[Annotator "NA"]
[PlyCount "53"]
[EventDate "2019.01.27"]
[EventType "swiss"]
[EventCountry "TUR"]
[SourceTitle "playchess.com"]
[Source "ChessBase"]
[SourceQuality "1"]

1. e4 c6 2. d4 d5 3. exd5 cxd5 4. Bd3 Nc6 5. c3 Nf6 6. Bf4 e6 7. Nf3 Be7 8. Nbd2 Bd7 9. Ne5 O-O 10. O-O Rc8 11. Re1 a6 12. h4 h5 13. Ndf3 Ng4 14. Nxg4 hxg4 15. Ng5 Bxg5 16. hxg5 f5 17. gxf6 Qxf6 18. g3 Rcd8 19. Qxg4 e5 20. Qh5 e4 21. Qxd5+ Rf7 22. Bc4 Ne7 23. Qxf7+ Qxf7 24. Bxf7+ Kxf7 25. Rxe4 Bc6 26. Rxe7+ Kxe7 27. Bg5+ 1-0

[Event "Turkey Cup 2019"]
[Site "Belek"]
[Date "2019.02.03"]
[Round "11.87"]
[White "Eroglu, Berke"]
[Black "Kisadere, Kutay"]
[Result "1/2-1/2"]
[WhiteElo "1442"]
[BlackElo "1809"]
[Annotator "NA"]
[PlyCount "28"]
[EventDate "2019.01.27"]
[EventType "swiss"]
[EventCountry "TUR"]
[SourceTitle "playchess.com"]
[Source "ChessBase"]
[SourceQuality "1"]

1. e4 c5 2. Nc3 a6 3. a4 Nc6 4. g3 g6 5. Bg2 Bg7 6. d3 e6 7. Be3 d6 8. Qd2 Nge7 9. Bh6 Kf8 10. Nge2 Rb8 11. O-O b5 12. axb5 axb5 13. Nd1 b4 14. c3 Qb6 1/2-1/2

[Event "Turkey Cup 2019"]
[Site "Belek"]
[Date "2019.02.03"]
[Round "11.88"]
[White "Konez, Serkan"]
[Black "Usluoglu, Servet"]
[Result "0-1"]
[WhiteElo "1513"]
[BlackElo "1783"]
[Annotator "NA"]
[PlyCount "62"]
[EventDate "2019.01.27"]
[EventType "swiss"]
[EventCountry "TUR"]
[SourceTitle "playchess.com"]
[Source "ChessBase"]
[SourceQuality "1"]

1. d4 Nf6 2. Nc3 d5 3. e4 dxe4 4. f3 exf3 5. Nxf3 c6 6. Bg5 Bg4 7. Be2 Nbd7 8. Qd2 e6 9. O-O-O Bb4 10. a3 Ba5 11. Qe3 Bxc3 12. Qxc3 Ne4 13. Qe3 Nxg5 14. Nxg5 Bxe2 15. Nxf7 Kxf7 16. Qxe2 Re8 17. h4 Kg8 18. g4 Qa5 19. g5 b5 20. g6 h6 21. Qf3 Nf6 22. Qxc6 Rac8 23. Qd6 Nd5 24. Rh3 Qc7 25. Qxc7 Rxc7 26. Rf3 Rf8 27. Rb3 a6 28. Re1 Rf6 29. h5 Kf8 30. Rh3 Nf4 31. Rh2 Nd3+ 0-1

[Event "Turkey Cup 2019"]
[Site "Belek"]
[Date "2019.02.03"]
[Round "11.89"]
[White "Hatipoglu, Metin"]
[Black "Lokman, Hilmi Merih"]
[Result "0-1"]
[WhiteElo "1680"]
[BlackElo "1597"]
[Annotator "NA"]
[PlyCount "144"]
[EventDate "2019.01.27"]
[EventType "swiss"]
[EventCountry "TUR"]
[SourceTitle "playchess.com"]
[Source "ChessBase"]
[SourceQuality "1"]

1. e4 c6 2. d4 d5 3. exd5 cxd5 4. c4 Nf6 5. Nc3 e6 6. Nf3 Be7 7. Bd3 O-O 8. O-O b6 9. Re1 Bb7 10. cxd5 Nxd5 11. Ne4 Nd7 12. Ne5 Nxe5 13. dxe5 Nb4 14. Bb1 Qxd1 15. Rxd1 Rac8 16. Nc3 Rfd8 17. Rxd8+ Rxd8 18. a3 Nd3 19. Bxd3 Rxd3 20. Be3 f6 21. exf6 Bxf6 22. Rd1 Ba6 23. Rxd3 Bxd3 24. f3 Kf7 25. Kf2 Ke7 26. Ke1 Kd7 27. Kd2 Bf1 28. g3 Kc6 29. Kc2 Bg2 30. f4 a6 31. Na4 Bd8 32. Bd4 g6 33. Kc3 Bd5 34. b4 a5 35. Nb2 axb4+ 36. axb4 Kb5 37. Nd3 Be7 38. Be3 Be4 39. Ne5 Bxb4+ 40. Kd4 Bd5 41. Nd7 Bc5+ 42. Kd3 Bc6 43. Nf6 Bxe3 44. Kxe3 h6 45. Ng4 h5 46. Ne5 Be8 47. Kd4 Kb4 48. Nd3+ Kb3 49. Ke5 Kc3 50. Nf2 b5 51. Ne4+ Kd3 52. Nc5+ Kc4 53. Nxe6 b4 54. Nd4 Bd7 55. Nc2 b3 56. Na3+ Kb4 57. Nb1 Bf5 58. Nd2 Kc3 59. Nxb3 Kxb3 60. Kf6 Kc3 61. h3 Bc2 62. g4 Kd4 63. f5 gxf5 64. gxf5 Ba4 65. Ke7 Ke4 66. f6 Bb3 67. f7 Bxf7 68. Kxf7 Kf4 69. Kg6 h4 70. Kf6 Kg3 71. Kg5 Kxh3 72. Kf4 Kg2 0-1

[Event "Turkey Cup 2019"]
[Site "Belek"]
[Date "2019.02.03"]
[Round "11.90"]
[White "Gonen, Mutlu"]
[Black "Dalgar, Sudenaz"]
[Result "0-1"]
[WhiteElo "1634"]
[BlackElo "1461"]
[Annotator "NA"]
[PlyCount "104"]
[EventDate "2019.01.27"]
[EventType "swiss"]
[EventCountry "TUR"]
[SourceTitle "playchess.com"]
[Source "ChessBase"]
[SourceQuality "1"]

1. e4 c5 2. Nf3 d6 3. Bb5+ Nd7 4. d4 cxd4 5. Qxd4 e5 6. Qe3 Ngf6 7. O-O Be7 8. Nc3 O-O 9. h3 a6 10. Bc4 b5 11. Bb3 Bb7 12. Rd1 Qc7 13. a3 Rad8 14. Bd5 Bxd5 15. Rxd5 Nc5 16. Rd1 Qb7 17. Nd5 Ncxe4 18. Nxe7+ Qxe7 19. Qb6 d5 20. Bg5 Rd6 21. Qe3 Nxg5 22. Qxg5 Re8 23. Nh4 h6 24. Qg3 Ne4 25. Qg4 Nf6 26. Qg3 Qd7 27. Qf3 Ne4 28. Nf5 Rf6 29. Nxh6+ Rxh6 30. Qxe4 d4 31. Rd2 Rd6 32. g4 f6 33. Re1 Rd8 34. Rd3 Qc6 35. Qxc6 Rxc6 36. c3 Rcd6 37. Red1 Kf7 38. cxd4 Rxd4 39. Rxd4 Rxd4 40. Rxd4 exd4 41. Kf1 Ke6 42. Ke2 Kd5 43. Kd3 a5 44. f4 g5 45. fxg5 fxg5 46. b3 a4 47. bxa4 bxa4 48. Kd2 Ke4 49. Ke2 d3+ 50. Kd2 Kd4 51. Kd1 Ke3 52. Ke1 d2+ 0-1

[Event "Turkey Cup 2019"]
[Site "Belek"]
[Date "2019.02.03"]
[Round "11.91"]
[White "Esti, Kubra Selenay"]
[Black "Hanci, Ilker"]
[Result "1-0"]
[WhiteElo "1662"]
[BlackElo "1615"]
[Annotator "NA"]
[PlyCount "113"]
[EventDate "2019.01.27"]
[EventType "swiss"]
[EventCountry "TUR"]
[SourceTitle "playchess.com"]
[Source "ChessBase"]
[SourceQuality "1"]

1. d4 Nf6 2. Bf4 c5 3. e3 Qb6 4. b3 Nc6 5. Nf3 Qa5+ 6. Qd2 Qxd2+ 7. Nbxd2 Nb4 8. Bd3 Nxd3+ 9. cxd3 cxd4 10. Nxd4 d6 11. Nb5 Nd5 12. Bg3 a6 13. Na3 Nb4 14. Ke2 b5 15. Rhc1 Bb7 16. f3 Kd8 17. Nc2 Nc6 18. Ne4 h6 19. d4 g6 20. Ne1 Bg7 21. Nd3 f5 22. Nc3 g5 23. d5 Ne5 24. Nxe5 dxe5 25. e4 Kd7 26. Bf2 Rac8 27. b4 Rhf8 28. Bc5 h5 29. a4 bxa4 30. Nxa4 Ke8 31. Nb6 Rc7 32. Rc4 Rf6 33. Rac1 a5 34. b5 g4 35. Na4 gxf3+ 36. gxf3 fxe4 37. fxe4 Rf4 38. R1c3 Rh4 39. h3 Bf6 40. Nb2 Bc8 41. b6 Rd7 42. Bf2 Ba6 43. Bxh4 Bxh4 44. Kf3 Bxc4 45. Nxc4 Be1 46. Rc1 Bb4 47. Nxe5 Rd8 48. b7 Bd6 49. Nc6 Rd7 50. b8=Q+ Bxb8 51. Nxb8 Rb7 52. Nc6 e6 53. d6 Rb3+ 54. Kf4 Rxh3 55. Ne5 Kd8 56. d7 Ke7 57. Rc8 1-0

[Event "Turkey Cup 2019"]
[Site "Belek"]
[Date "2019.02.03"]
[Round "11.92"]
[White "Topbas, Ilter"]
[Black "Demirel, Yusuf Ziya"]
[Result "1-0"]
[WhiteElo "1196"]
[BlackElo "1711"]
[Annotator "NA"]
[PlyCount "37"]
[EventDate "2019.01.27"]
[EventType "swiss"]
[EventCountry "TUR"]
[SourceTitle "playchess.com"]
[Source "ChessBase"]
[SourceQuality "1"]

1. e4 e5 2. Nf3 Nf6 3. Nxe5 d6 4. Nf3 Nxe4 5. d4 d5 6. Bd3 Be7 7. O-O O-O 8. Nbd2 Nxd2 9. Bxd2 Bg4 10. Re1 Nd7 11. Rc1 Re8 12. c4 dxc4 13. Bxc4 Bh5 14. Bf4 Nb6 15. Bxc7 Qd7 16. Bxb6 axb6 17. Qb3 Bxf3 18. Bxf7+ Kh8 19. Bxe8 1-0

[Event "Turkey Cup 2019"]
[Site "Belek"]
[Date "2019.02.03"]
[Round "11.93"]
[White "Bayram, Irem Inci"]
[Black "Fazla, Onder Zafer"]
[Result "1/2-1/2"]
[WhiteElo "1525"]
[BlackElo "1649"]
[Annotator "NA"]
[PlyCount "139"]
[EventDate "2019.01.27"]
[EventType "swiss"]
[EventCountry "TUR"]
[SourceTitle "playchess.com"]
[Source "ChessBase"]
[SourceQuality "1"]

1. d4 Nf6 2. c4 e6 3. Nc3 Bb4 4. Nf3 b6 5. e3 Bb7 6. Bd3 O-O 7. Qc2 d5 8. a3 Bxc3+ 9. bxc3 Nbd7 10. cxd5 exd5 11. O-O c5 12. a4 c4 13. Bf5 Re8 14. Ba3 g6 15. Bh3 Ne4 16. Bxd7 Qxd7 17. Bb4 f6 18. a5 Bc6 19. Ra2 b5 20. h3 a6 21. Nh2 f5 22. Nf3 Qe6 23. Ne5 Ra7 24. Re1 Rg7 25. f3 Nf6 26. Rf1 Bb7 27. Qf2 Nd7 28. f4 h6 29. Re2 Kh7 30. Qf3 Nb8 31. Bc5 Nc6 32. Ra2 Reg8 33. Rff2 Bc8 34. h4 Rb7 35. Rfb2 Nb8 36. g3 Nd7 37. Bb4 Nf6 38. Rh2 Rbg7 39. Rag2 Bb7 40. Rb2 Ng4 41. Rh1 Nxe5 42. fxe5 g5 43. Rg2 Qf7 44. Kf2 Qg6 45. Ke1 Rf7 46. hxg5 Qxg5 47. Rh5 Qg4 48. Qxg4 fxg4 49. e6 Rf3 50. Ke2 Bc6 51. e7 Rg5 52. Rxg5 hxg5 53. Rh2+ Kg7 54. Bd6 Be8 55. Be5+ Kf7 56. Rh7+ Ke6 57. Rg7 Rf7 58. Rxf7 Bxf7 59. Kd2 Kxe7 60. Kc2 Ke6 61. Kb2 Kf5 62. Kc2 Ke4 63. Kd2 Kf3 64. Bd6 Bg6 65. Be5 Ke4 66. Bd6 Kf5 67. Be5 Ke6 68. Bc7 Kd7 69. Be5 Kc6 70. Bf6 1/2-1/2

[Event "Turkey Cup 2019"]
[Site "Belek"]
[Date "2019.02.03"]
[Round "11.94"]
[White "Avan, Olcay"]
[Black "Pazarcioglu, Ilker"]
[Result "1-0"]
[WhiteElo "1617"]
[BlackElo "1511"]
[Annotator "NA"]
[PlyCount "89"]
[EventDate "2019.01.27"]
[EventType "swiss"]
[EventCountry "TUR"]
[SourceTitle "playchess.com"]
[Source "ChessBase"]
[SourceQuality "1"]

1. Nf3 Nf6 2. c4 g6 3. b3 Bg7 4. Bb2 O-O 5. g3 c5 6. Bg2 d5 7. cxd5 Nxd5 8. Bxg7 Kxg7 9. O-O Nc6 10. Qc1 b6 11. Nc3 Kg8 12. Rd1 Ba6 13. d4 Nxc3 14. Qxc3 Bxe2 15. Rd2 Bxf3 16. dxc5 Qc7 17. Bxf3 Rac8 18. cxb6 Qxb6 19. Qb2 Rfd8 20. Rad1 Rxd2 21. Rxd2 Rd8 22. Bxc6 Rxd2 23. Qxd2 Qxc6 24. Qd8+ Kg7 25. Qd4+ Kg8 26. Qxa7 Qc1+ 27. Kg2 Qc6+ 28. f3 Qc2+ 29. Qf2 Qc3 30. Qe2 e6 31. Kf2 Qc5+ 32. Ke1 Qc1+ 33. Qd1 Qc3+ 34. Ke2 Qb2+ 35. Qd2 Qe5+ 36. Kf2 Qb5 37. Qc3 Qb6+ 38. Kg2 Qa6 39. a4 Qe2+ 40. Kh3 g5 41. Qf6 Qe3 42. Kg4 h6 43. Kh5 Qxb3 44. Kxh6 Kf8 45. Qd8# 1-0

[Event "Turkey Cup 2019"]
[Site "Belek"]
[Date "2019.02.03"]
[Round "11.96"]
[White "Asikoglu, Engin Can"]
[Black "Turan, Fatih"]
[Result "1-0"]
[WhiteElo "1502"]
[BlackElo "1251"]
[Annotator "NA"]
[PlyCount "91"]
[EventDate "2019.01.27"]
[EventType "swiss"]
[EventCountry "TUR"]
[SourceTitle "playchess.com"]
[Source "ChessBase"]
[SourceQuality "1"]

1. d4 Nf6 2. Bf4 d6 3. e3 g6 4. Nf3 Bg7 5. Be2 O-O 6. h3 b6 7. O-O Bb7 8. c4 c5 9. Nc3 Nc6 10. d5 Nb4 11. Qd2 Nh5 12. Bh2 f5 13. Ng5 Bc8 14. Bxh5 gxh5 15. a3 Na6 16. Rfe1 Nc7 17. e4 h6 18. Nf3 fxe4 19. Rxe4 Rxf3 20. gxf3 Bxh3 21. Kh1 Qd7 22. Rg1 Kh7 23. Rh4 Qf5 24. Qf4 Rf8 25. Qe4 Kh8 26. Rf4 Qxe4 27. Rxf8+ Bxf8 28. fxe4 Bg7 29. Re1 Bd4 30. e5 Bg4 31. Kg2 Ne8 32. exd6 Nxd6 33. Bxd6 exd6 34. Nb5 Be5 35. f3 Bf5 36. Nxa7 Bxb2 37. Re8+ Kg7 38. Nc8 Be5 39. Nxb6 Bf4 40. a4 h4 41. Re2 h3+ 42. Kh1 Bd3 43. Rh2 Bf1 44. a5 Bg2+ 45. Rxg2+ hxg2+ 46. Kxg2 1-0